Nam Cao toàn tập T.1

Gardado en:
Detalles Bibliográficos
Autor Principal: Nam Cao
Formato: Libro
Idioma:Undetermined
Publicado: H. Văn học 1999
Những chủ đề:
Acceso en liña:http://lrc.tdmu.edu.vn/opac/search/detail.asp?aID=2&ID=7010
Các nhãn: Engadir etiqueta
Sen Etiquetas, Sexa o primeiro en etiquetar este rexistro!
Thư viện lưu trữ: Trung tâm Học liệu Trường Đại học Thủ Dầu Một
LEADER 00563nam a2200205Ia 4500
001 TDMU_7010
008 210410s9999 xx 000 0 und d
082 |a 895.922 09 
090 |b N104 
100 |a Nam Cao 
245 0 |a Nam Cao toàn tập 
245 0 |c Nam Cao 
245 0 |n T.1 
260 |a H. 
260 |b Văn học 
260 |c 1999 
300 |a 790tr 
650 |a Nam Cao; Văn học Việt Nam 
856 |u http://lrc.tdmu.edu.vn/opac/search/detail.asp?aID=2&ID=7010 
980 |a Trung tâm Học liệu Trường Đại học Thủ Dầu Một